000 00467nam a2200193Ia 4500
001 12767
008 140401s9999 xx 000 0 und d
020 _a0-534-34326-0
040 _cPK-LaUMT
082 _a 513.14
_bTUS-P
100 _aGustafoson, R. David, J.T.
245 _aPrealgebra
_cGustafoson, R. David, J.T.<>Tussy, Alan s.
260 _c1997
300 _a560 p.
546 _aEN
650 _aMathematics
700 _aTussy, Alan s.
942 _cBK
999 _c13509
_d13509